000 01536cam a22004694i 4500
003 PE-LiUPU
005 20250731172951.0
008 150623s r 000 0 d
020 _a3766698958
035 _a(Sirsi) i9783766698957
040 _aPE-LiUPU
_bspa
_cPE-LiUPU
_erda
049 _aPRUA
082 0 4 _a221
_bA16H
_221
100 1 _aWilson, Jan E.,
_eautor.
245 1 0 _aHoliness and Purity in Mesopotamia /
_cJan E. Wilson.
264 1 _aNeukirchen-Vluyn :
_bButzon and Bercker,
_c1994.
300 _a121 páginas ;
_c24.5 centímetros
336 _atext
_2rdacontent
337 _aunmediated
_2rdamedia
338 _avolume
_2rdacarrier
490 0 _aAlter Orient und Altes Testament, t. ;
_v 237
504 _aIncluye bibliografía.
505 0 _aSumerian KU3. -Akkadian ellu. -Sumerian KU3, and Hebrew QDS. -Summary and Conclusions.
526 _aSEG42
526 _aSEG41
526 _aSEG40
526 _aSEG39
526 _aP94
526 _aP87
526 _aP86
526 _aP85
526 _aP77
526 _aP76
526 _aP35
650 0 4 _aSantidad
_zMesopotamia.
942 _2ddc
_cBOOK
949 _a221 A16H
_wDEWEY
_c1
_i44990
_lCCODEBUL1
_mBUL
_r0
_sY
_tBOOK
_u2015-6-24
_xTEOLOGIA
_PP35
_0COMPRA
_o.STAFF. Colección General
994 _aC0
_bPEPRU
596 _a1
999 _a221 A16H
_wDEWEY
_c21866
_i44990
_f2021-11-9
_g5
_lCCODEBUL1
_mBUL
_r0
_sY
_tBOOK
_u2015-6-24
_xTEOLOGIA
_PP35
_0COMPRA
_o.STAFF. Colección General
_d21866
980 _81
_gALBERTO SANCHEZ Responsable de Automatización